Wird geladen...
Tulsi ke kavya mein ramrajya ka parikalpana. /
| 1. Verfasser: | |
|---|---|
| Format: | Printed Book |
| Sprache: | Hindi |
| Veröffentlicht: |
Delhi
Sahithya Prakashan
1977.
|
| Schlagworte: |
| LEADER | 00458nam a2200133Ia 4500 | ||
|---|---|---|---|
| 008 | 150624b ii ||||| |||| 00| p hin d | ||
| 082 | |a 861.23109 | ||
| 100 | |a Sheelavathi Gupta | ||
| 245 | |a Tulsi ke kavya mein ramrajya ka parikalpana. / | ||
| 260 | |a Delhi |b Sahithya Prakashan |c 1977. | ||
| 650 | |v Poetry | ||
| 942 | |c BK | ||
| 999 | |c 33032 |d 33032 | ||
| 952 | |0 0 |1 0 |4 0 |6 861_231090000000000_SHE_T |7 0 |9 33031 |a UL |b UL |c ST2 |d 1998-09-15 |g 20.00 |l 0 |o 861.23109 SHE/T |p 45211 |r 2012-10-27 |y BK | ||